[Event "Hessen-ch MVT"]
[White "Biegel, Thomas"]
[Black "Schmenger, Bernd"]
[Site "Offenbach"]
[Round "7"]
[Result "1/2-1/2"]
[Date "2005.04.01"]
[WhiteElo "1999"]
[BlackElo "1821"]
[PlyCount "63"]
[EventDate "2005.03.28"]
[EventType "swiss"]
[EventRounds "9"]
[EventCountry "GER"]
[SourceTitle "EXT 2006"]
[Source "ChessBase"]
[SourceDate "2005.11.24"]
[SourceVersion "1"]
[SourceVersionDate "2005.11.24"]
[SourceQuality "1"]

1. Nf3 f5 2. d4 e6 3. Nc3 Nf6 4. Bg5 Be7 5. Bxf6 Bxf6 6. e4 fxe4 7. Nxe4 b6 8. c3 Bb7 9. Bd3 Nc6 10. Qe2 Qe7 11. Qe3 0-0-0 12. 0-0-0 g6 13. h4 Qf7 14. Nfg5 Qe7 15. f4 Rdf8 16. Rh2 h5 17. Nxf6 Qxf6 18. g3 Rhg8 19. Re2 Qg7 20. Rde1 Kb8 21. Bc4 Re8 22. Bb3 Ne7 23. Qd3 Qf6 24. Ba4 Rd8 25. Re5 Nf5 26. Bb3 Nxh4 27. gxh4 Qxf4+ 28. Qe3 Qxh4 29. d5 exd5 30. Bxd5 Bxd5 31. Rxd5 Qc4 32. Qd4 1/2-1/2

[Event "Hessen-ch MVT"]
[White "Schmenger, Bernd"]
[Black "Kartmann, Juergen"]
[Site "Offenbach"]
[Round "6"]
[Result "0-1"]
[Date "2005.04.01"]
[WhiteElo "1821"]
[BlackElo "2067"]
[PlyCount "64"]
[EventDate "2005.03.28"]
[EventType "swiss"]
[EventRounds "9"]
[EventCountry "GER"]
[SourceTitle "EXT 2006"]
[Source "ChessBase"]
[SourceDate "2005.11.24"]
[SourceVersion "1"]
[SourceVersionDate "2005.11.24"]
[SourceQuality "1"]

1. e4 e5 2. d4 exd4 3. c3 d5 4. exd5 Nf6 5. Nf3 dxc3 6. Nxc3 Bd6 7. Bd3 0-0 8. 0-0 Bg4 9. h3 Bh5 10. Bg5 Nbd7 11. Ne4 Be7 12. Re1 h6 13. Bh4 Nxe4 14. Bxe7 Qxe7 15. Bxe4 Qd6 16. g4 Bg6 17. Qc2 Bxe4 18. Qxe4 Nf6 19. Qe7 Qxe7 20. Rxe7 Nxd5 21. Rd7 Rfd8 22. Rxd8+ Rxd8 23. Rd1 c6 24. b4 Kf8 25. Nd4 g6 26. Kf1 Ke7 27. a3 Kf6 28. Re1 Nxb4 29. Ne2 Nd5 30. f4 Re8 31. Rb1 Rxe2 32. Kxe2 Nc3+ 0-1

[Event "Hessen-ch MVT"]
[White "Althoff, Guntram"]
[Black "Schmenger, Bernd"]
[Site "Offenbach"]
[Round "1"]
[Result "1-0"]
[Date "2005.03.28"]
[WhiteElo "2118"]
[BlackElo "1821"]
[PlyCount "51"]
[EventDate "2005.03.28"]
[EventType "swiss"]
[EventRounds "9"]
[EventCountry "GER"]
[SourceTitle "EXT 2006"]
[Source "ChessBase"]
[SourceDate "2005.11.24"]
[SourceVersion "1"]
[SourceVersionDate "2005.11.24"]
[SourceQuality "1"]

1. b4 e6 2. Bb2 Nf6 3. b5 c5 4. e3 d5 5. c4 b6 6. Nf3 Bb7 7. Be2 dxc4 8. Na3 g6 9. Nxc4 Bg7 10. 0-0 0-0 11. Qc2 Nbd7 12. Nd6 Qc7 13. Nxb7 Qxb7 14. Rac1 Nd5 15. Bxg7 Kxg7 16. Qb2+ N7f6 17. Ne5 Kg8 18. Bf3 a6 19. a4 axb5 20. axb5 Ra4 21. Nd3 Rfa8 22. Qxf6 Nxf6 23. Bxb7 R8a7 24. Bc6 Ra2 25. Rfd1 c4 26. Rxc4 1-0